Deutsche Geschichte - Jahreszahlen - Statistiken

Allgemein
  • Dieses Quiz wurde 328 mal gespielt
  • Das Durchschnittsergebnis liegt bei 6 aus 20
Antwortstatistiken
Ereignis Jahr % Korrekt
Wiedervereinigungsfeier in Berlin 1990
75%
Mauerfall in Berlin 1989
68%
Ende des Ersten Weltkriegs 1918
65%
Beginn des Ersten Weltkriegs 1914
64%
Beginn des Zweiten Weltkriegs 1939
61%
Reichspogromnacht („Kristallnacht“) 1938
60%
Angela Merkel wird Bundeskanzlerin 2005
59%
Hitler wird Reichskanzler 1933
57%
Kapitulation Deutschlands 1945
57%
Deutschland gewinnt Fußball-WM in Rio de Janeiro 2014
57%
Corona-Pandemie beginnt 2020
57%
Deutschland gewinnt Fußball-WM in Rom 1990
56%
Lockdown in Deutschland 2020
55%
Deutschland gewinnt Fußball-WM in Bern („Wunder von Bern“) 1954
53%
Olaf Scholz wird Bundeskanzler 2021
53%
Gründung der Bundesrepublik Deutschland 1949
50%
Gründung der DDR 1949
50%
Deutschland wird Fußball-Weltmeister (München) 1974
50%
Fußball-WM in Deutschland (Sommermärchen) 2006
50%
Russland überfällt Ukraine 2022
50%
Überfall auf Polen 1939
48%
Euro wird offizielles Zahlungsmittel (Bargeld) 2002
46%
Der Euro ersetzt die D-Mark 2002
46%
Erste Bundesliga-Saison 1963
44%
Angela Merkel beendet Kanzlerschaft 2021
43%
Finanzkrise erschüttert Europa 2008
42%
Große Koalition CDU/SPD unter Merkel 2005
41%
Beginn der Weltwirtschaftskrise 1929
40%
Olympische Spiele in Berlin 1936
40%
Olympia-Attentat in München 1972
40%
Gründung des Deutschen Kaiserreichs in Versailles 1871
38%
Weimarer Republik wird ausgerufen 1919
38%
Angriff auf die Sowjetunion 1941
38%
Bau der Berliner Mauer beginnt 1961
38%
Deutschland holt erstmals den Eurovision-Sieg (Lena) 2010
38%
Inkrafttreten der Weimarer Verfassung 1919
35%
Konrad Adenauer wird erster Bundeskanzler 1949
35%
Deutschland richtet Fußball-WM erneut aus 2006
35%
Reichstagsbrand 1933
33%
Erste freie Volkskammerwahl in der DDR 1990
33%
Berlin wird Hauptstadt Deutschlands 1991
33%
Tod von Queen Elizabeth II – Bundespräsident bei Staatsbegräbnis 2022
33%
Flüchtlingskrise („Wir schaffen das“) 2015
32%
Abschaffung der Wehrpflicht 2011
31%
Willy Brandt wird Bundeskanzler 1969
30%
Fukushima-Katastrophe → deutscher Atomausstieg 2011
29%
Deutschland tritt der NATO bei 1955
28%
Friedliche Revolution in der DDR 1989
28%
Hans-Dietrich Genscher ruft Aufnahme der DDR-Flüchtlinge aus Prag aus 1989
27%
75 Jahre Grundgesetz 2024
27%
Inflation erreicht ihren Höhepunkt 1923
26%
Verbot aller Parteien außer NSDAP 1933
26%
Deutsche Wiedervereinigung 1990
25%
Helmut Kohl wird Bundeskanzler 1982
24%
Chernobyl-Katastrophe, Beginn Umweltbewegung 1986
24%
Bundestagswahl: AfD zieht erstmals ein 2017
23%
Novemberrevolution in Deutschland 1918
21%
Beitritt zur NATO 1955
20%
„Deutscher Herbst“ (RAF, Schleyer-Entführung) 1977
20%
Mauerbau wird abgeschlossen 1962
19%
Nürnberger Gesetze verabschiedet 1935
18%
Helmut Schmidt wird Bundeskanzler 1974
18%
Anschläge in Berlin (Breitscheidplatz) 2016
18%
Ehe für alle wird beschlossen 2017
18%
Hitler-Putsch in München 1923
17%
Paul von Hindenburg wird Reichspräsident 1925
17%
Gründung der UNO (Deutschland noch nicht Mitglied) 1945
17%
Gründung der Bundeswehr 1955
17%
Einführung des Euro (Buchgeld) 1999
17%
Gründung des Deutschen Fußball-Bundes (DFB) 1900
16%
Beitritt der DDR zum Warschauer Pakt 1955
16%
Eurokrise erreicht Höhepunkt 2012
16%
Angela Merkel erhält Time Magazine „Person of the Year“ 2015
16%
Zeitenwende-Rede von Olaf Scholz 2022
16%
Otto von Bismarck wird erster Reichskanzler 1871
15%
Bundestagswahl mit Rekordzahl an Parteien 2021
15%
Berliner Luftbrücke 1948
14%
Saarland wird Teil der Bundesrepublik 1957
14%
Gründung der Europäischen Union 1993
14%
Potsdamer Konferenz 1945
11%
Erster Ölpreisschock 1973
11%
Bundeskanzleramt zieht nach Berlin 2001
11%
Willy Brandt erhält den Friedensnobelpreis 1971
10%
Gründung der Grünen Partei 1980
10%
Ostverträge mit Polen und der UdSSR 1970
8%
Rücktritt Willy Brandts nach Guillaume-Affäre 1974
8%
Erste deutsche Astronautin fliegt ins All (geplant, noch nicht erfolgt) 2024
8%
Währungsreform in Westdeutschland 1948
7%
NSU-Morde werden aufgedeckt 2011
7%
Nürnberger Prozesse beginnen 1945
6%
NATO-Doppelbeschluss 1979
6%
Bundesgartenschau in Bonn 1979
6%
Helmut Kohl stirbt 2017
6%
Bizone (US+UK) entsteht 1947
5%
Erster Nachkriegs-Olympiasieg (Cortina d’Ampezzo) 1956
5%
RAF (Rote Armee Fraktion) beginnt Anschläge 1970
5%
Deutsche Bahn AG entsteht (Fusion BR/DR) 1994
5%
Bundestag zieht nach Berlin um 1999
5%
Wilhelm II. wird Kaiser 1888
4%
Bonn bleibt vorübergehend Regierungssitz 1991
4%
Wiedereröffnung des Reichstagsgebäudes 1999
4%
Erste Volkszählung in Deutschland nach Wiedervereinigung 2011
4%
Einführung der Sozialversicherung unter Bismarck 1883
0%
Grundgesetzänderung: Wahlalter auf 18 Jahre gesenkt 1972
0%
Deutschland tritt den Vereinten Nationen bei 1973
0%
Bundestag führt 50%-Frauenquote bei Grünen ein 1986
0%
Vertrag von Maastricht unterzeichnet 1992
0%
Bundestag beschließt Energiewende 2011
0%
Keine übereinstimmenden Quizze gefunden
Verteilung der Resultate
Anzahl Personen mit jedem Resultat
Perzentil nach korrekt beantworteten Fragen
Ihre Resultats-Entwicklung
Sie haben dieses Quiz noch nicht gespielt